Harmonization of EU Direct Tax Legislation in the EU

Salvato in:
Dettagli Bibliografici
Autore principale: Simonidesová, Jana, 1968-
Natura: Capitolo di libro
Lingua:inglese
Soggetti:
Tags: Aggiungi Tag
Nessun Tag, puoi essere il primo ad aggiungerne!!

MARC

LEADER 00000naa$a2200000$$$4500
001 0276571
005 20240502074321.4
041 0 |a eng 
044 |a SK 
245 1 0 |a Harmonization of EU Direct Tax Legislation in the EU  |c Jana Simonidesová 
500 |a Abstrakt 
610 2 0 |a zdaňovanie 
610 2 0 |a harmonizácia 
610 2 0 |a dane 
610 2 0 |a Európska únia 
100 1 |a Simonidesová, Jana, 1968-